[Event "BCF-chT3E 2223 (4NCL)"]
[Site "England"]
[Date "2023.03.25"]
[Round "7.25"]
[White "Collinson, Mark I"]
[Black "Habershon, Paul F"]
[Result "1-0"]
[WhiteElo "2034"]
[BlackElo "1919"]
[PlyCount "67"]
[EventDate "2022.11.05"]
[EventType "team-tourn"]
[EventRounds "11"]
[EventCountry "ENG"]
[SourceTitle "EXT 2024"]
[Source "ChessBase"]
[SourceDate "2023.10.10"]
[SourceVersion "1"]
[SourceVersionDate "2023.10.10"]
[SourceQuality "1"]
[WhiteTeam "Hull & East Riding Tigers"]
[BlackTeam "MK Phoenix"]
[WhiteTeamCountry "ENG"]
[BlackTeamCountry "ENG"]

1. d4 Nf6 2. g3 d5 3. Bg2 e6 4. Nf3 Be7 5. 0-0 0-0 6. c4 c6 7. Nc3 Nbd7 8. Nd2 Qb6 9. c5 Qc7 10. e4 dxe4 11. Ndxe4 Nxe4 12. Nxe4 e5 13. Re1 Nf6 14. dxe5 Nxe4 15. Bxe4 Be6 16. Qc2 g6 17. Bh6 Rfd8 18. h4 Bd5 19. b4 a5 20. h5 Bxe4 21. Qxe4 axb4 22. hxg6 hxg6 23. Qxb4 Rd5 24. e6 Bxc5 25. Qg4 Ra4 26. Bf4 Qe7 27. Re2 Rad4 28. Kg2 Kg7 29. Rh1 Qf6 30. exf7 Qxf7 31. Re5 Rd2 32. Re2 R2d4 33. Qc8 Rh5 34. Be5+ 1-0

[Event "Hull 4NCL op"]
[Site "Hull"]
[Date "2021.10.24"]
[Round "4"]
[White "Hebden, Mark"]
[Black "Collinson, Mark I"]
[Result "1-0"]
[WhiteElo "2530"]
[BlackElo "2073"]
[PlyCount "101"]
[EventDate "2021.10.22"]
[EventType "swiss"]
[EventRounds "5"]
[EventCountry "ENG"]
[SourceTitle "CBM 204 Extra"]
[Source "ChessBase"]
[SourceDate "2021.11.30"]
[SourceVersion "1"]
[SourceVersionDate "2021.11.30"]
[SourceQuality "1"]

1. d4 Nf6 2. Bf4 g6 3. Nc3 d5 4. e3 Bg7 5. h4 h5 6. Nf3 Bg4 7. Qd2 0-0 8. Ne5 c5 9. f3 Bf5 10. dxc5 Nc6 11. Bd3 Bxd3 12. Nxc6 bxc6 13. cxd3 d4 14. exd4 Qxd4 15. Be3 Qe5 16. d4 Qg3+ 17. Qf2 Qxf2+ 18. Bxf2 Rab8 19. 0-0-0 Rfd8 20. Rhe1 e6 21. Kc2 a5 22. Rd3 Kf8 23. a3 Rb7 24. Bg3 Ne8 25. Red1 Bf6 26. Ne4 Be7 27. b3 Ng7 28. Be1 Ra8 29. Nd2 Nf5 30. g3 Rd7 31. Nc4 Bd8 32. g4 Ne7 33. Bg3 Bc7 34. Bxc7 Rxc7 35. Nb6 Raa7 36. Rc3 f5 37. gxh5 gxh5 38. Re3 Ng6 39. Rxe6 Nxh4 40. d5 cxd5 41. Rxd5 Nxf3 42. Re3 Nh4 43. Rh3 Ng6 44. Rxf5+ Ke8 45. Rhxh5 Rg7 46. Nc4 a4 47. b4 Rae7 48. Rf2 Kd8 49. Rg5 Nh4 50. Rxg7 Rxg7 51. Nb6 1-0